[Event "I C.to Italiano U21"]
[Site "Rimini ITA"]
[Date "1993.09.??"]
[Round "5"]
[White "Marmili, Giulio"]
[Black "Gualtieri, Denis"]
[WhiteElo "1657"]
[BlackElo "1600"]
[Result "1/2-1/2"]
[PlyCount "68"]
[EventDate "1993.09.07"]

1. c4 c5 2. Nc3 Nf6 3. e4 Nc6 4. g3 b6 5. Bg2 e5 6. d3 Be7 7. f4 d6 8. Nf3 Rb8
9. O-O Bd7 10. f5 Nd4 11. Nxd4 cxd4 12. Nd5 b5 13. Nxe7 Qxe7 14. b3 h6 15. g4
g5 16. fxg6 Bxg4 17. gxf7+ Qxf7 18. Qe1 Qg6 19. Qh4 Nh5 20. Kh1 Rg8 21. Qf2 Ke7
22. Qh4+ Ke8 23. Bd2 Be2 24. Rg1 bxc4 25. dxc4 Rb7 26. Qf2 Qg4 27. Rae1 d3 28.
h3 Ng3+ 29. Kh2 Qh4 30. Bf3 Rf7 31. Rxg3 Rxg3 32. Qxg3 Qxg3+ 33. Kxg3 Rxf3+ 34.
Kg2 Rf6 1/2-1/2

[Event "I C.to Italiano U21"]
[Site "Rimini ITA"]
[Date "1993.09.??"]
[Round "5"]
[White "Nieus, Thierry"]
[Black "Sardo, Andrea"]
[WhiteElo "1905"]
[BlackElo "1758"]
[Result "1-0"]
[PlyCount "55"]
[EventDate "1993.09.07"]

1. e4 c6 2. d4 d5 3. e5 Bf5 4. h4 h6 5. g4 Bd7 6. Nc3 e6 7. Nf3 c5 8. Ne2 Qb6
9. c3 Nc6 10. Bg2 Rc8 11. O-O cxd4 12. cxd4 Nb4 13. Nc3 Bb5 14. Nxb5 Qxb5 15.
Be3 Nd3 16. Qe2 Qc4 17. Nd2 Qc2 18. a3 Ne7 19. Rfb1 Ng6 20. Bf1 Ngf4 21. Bxf4
Nxf4 22. Qe3 g5 23. Rc1 Qxc1 24. Rxc1 Rxc1 25. Ne4 Rc7 26. Nd6+ Ke7 27. Qb3 Bg7
28. Qb4 1-0

[Event "I C.to Italiano U21"]
[Site "Rimini ITA"]
[Date "1993.09.??"]
[Round "5"]
[White "Pichler, Michael"]
[Black "Farachi, Francesco"]
[WhiteElo "1633"]
[BlackElo "1777"]
[Result "0-1"]
[PlyCount "68"]
[EventDate "1993.09.07"]

1. e4 e5 2. Nf3 Nf6 3. Bc4 Nxe4 4. Nc3 Nxc3 5. dxc3 f6 6. O-O g6 7. Nh4 c6 8.
Nxg6 hxg6 9. Qg4 d5 10. Qxg6+ Kd7 11. f4 e4 12. Be3 Kc7 13. Rad1 Rh6 14. Qf7+
Qe7 15. Bxd5 cxd5 16. Qxd5 f5 17. Bd4 Nc6 18. b4 Be6 19. Qb5 Nxd4 20. Rxd4 b6
21. Rfd1 Rc8 22. Qe5+ Kb7 23. Rd6 Rc7 24. Rd8 Bg7 25. Qb5 Bxc3 26. a3 Bc4 27.
Qa4 Qh4 28. h3 Qxf4 29. Qe8 b5 30. a4 Qe5 31. Rb8+ Ka6 32. axb5+ Bxb5 33. Qxe5
Bxe5 34. Rd5 Rc5 0-1

[Event "I C.to Italiano U21"]
[Site "Rimini ITA"]
[Date "1993.09.??"]
[Round "5"]
[White "Previati, Marco"]
[Black "Maio, Matteo"]
[WhiteElo "2031"]
[BlackElo "1600"]
[Result "1-0"]
[PlyCount "117"]
[EventDate "1993.09.07"]

1. e4 g6 2. d4 Bg7 3. Ne2 d6 4. Nbc3 a6 5. g3 b5 6. a3 Bb7 7. Bg2 Nd7 8. O-O e6
9. Be3 Ne7 10. Qd2 O-O 11. Rad1 Nb6 12. b3 c6 13. Bh6 Qc7 14. Bxg7 Kxg7 15. Nf4
e5 16. dxe5 dxe5 17. Nd3 c5 18. Qg5 f6 19. Qe3 Nd7 20. Rd2 Qc6 21. Rfd1 Nf5 22.
Qe1 Nd4 23. Nd5 Qd6 24. Ne3 Nb6 25. Nc1 Qe6 26. c3 Nc6 27. Nd5 Na5 28. Nc7 Qf7
29. Nxa8 Bxa8 30. Rd6 Qc7 31. Qe3 Bb7 32. Bh3 Rf7 33. R6d2 Nac4 34. bxc4 Nxc4
35. Qe2 Nxd2 36. Rxd2 Qa5 37. Qe3 b4 38. axb4 cxb4 39. Nb3 Qa3 40. cxb4 Qxb4
41. Nc5 Re7 42. Nxb7 Qxb7 43. Rd6 a5 44. Qb6 Qxe4 45. Rxf6 Rb7 46. Qd6 Kh6 47.
Qd2+ Kg7 48. Rd6 Rb1+ 49. Bf1 Qc4 50. Rd7+ Kf6 51. Qd6+ Kf5 52. Qf8+ Kg5 53.
Qe7+ Kf5 54. Qf7+ Qxf7 55. Rxf7+ Ke6 56. Rxh7 a4 57. Ra7 Rb4 58. Bh3+ Kd6 59.
Bd7 1-0

[Event "I C.to Italiano U21"]
[Site "Rimini ITA"]
[Date "1993.09.??"]
[Round "5"]
[White "Schacher, Gerd"]
[Black "Bednarich, Jan"]
[WhiteElo "1959"]
[BlackElo "1812"]
[Result "1-0"]
[PlyCount "95"]
[EventDate "1993.09.07"]

1. c4 Nf6 2. Nc3 g6 3. e4 d6 4. d4 Bg7 5. f3 O-O 6. Be3 e5 7. d5 c6 8. g4 cxd5
9. cxd5 Nbd7 10. Nge2 h5 11. h3 a6 12. Bg5 Qb6 13. Qd2 Nh7 14. Bh4 Nc5 15.
O-O-O Bf6 16. Bxf6 Nxf6 17. Ng3 h4 18. Nf5 Bxf5 19. gxf5 Nh5 20. Qh6 Nf4 21.
Qxh4 Rac8 22. Kb1 Qd8 23. Qg4 Qf6 24. h4 Kh7 25. Qg5 Kg7 26. Ne2 Ncd3 27. Nxf4
Nxf4 28. Bh3 Rc4 29. Bg4 Rh8 30. Qxf6+ Kxf6 31. fxg6 fxg6 32. Rh2 Rc7 33. Rc1
Rhh7 34. a3 Rhe7 35. b4 Rh7 36. Rxc7 Rxc7 37. Rc2 Rh7 38. Ka2 Nd3 39. Rc3 Nf4
40. Rc8 Rxh4 41. Rd8 Rh2+ 42. Kb3 Ne2 43. Rxd6+ Kg5 44. Rb6 Nd4+ 45. Ka4 Ra2
46. Bd7 Kf4 47. Rxb7 Kxf3 48. d6 1-0

[Event "I C.to Italiano U21"]
[Site "Rimini ITA"]
[Date "1993.09.??"]
[Round "5"]
[White "Stradiotti, Alessandro"]
[Black "Insabato, Giovanbattista"]
[WhiteElo "1600"]
[BlackElo "1714"]
[Result "0-1"]
[PlyCount "150"]
[EventDate "1993.09.07"]

1. d4 Nf6 2. c4 g6 3. Nc3 Bg7 4. g3 d6 5. Bg2 O-O 6. Nf3 Nbd7 7. O-O c6 8. Re1
e5 9. e3 e4 10. Nd2 d5 11. cxd5 cxd5 12. b3 Re8 13. Ba3 Bf8 14. Qc1 Qa5 15.
Bxf8 Nxf8 16. Qb2 Bd7 17. b4 Qc7 18. Rec1 Qd6 19. Rc2 Rac8 20. Rac1 b6 21. Bf1
Ne6 22. Qb3 Nc7 23. Ndb1 h5 24. Na3 a6 25. Nab1 h4 26. b5 a5 27. Qa3 Qe6 28.
Qb2 Kg7 29. Ne2 Qd6 30. Qa3 Nxb5 31. Qxd6 Nxd6 32. Rxc8 Rxc8 33. Rxc8 Bxc8 34.
gxh4 Nf5 35. Bh3 Ba6 36. Bxf5 Bxe2 37. Bc8 Ne8 38. Nc3 Bc4 39. Bb7 Nc7 40. a4
Kf6 41. Kg2 Ke6 42. f4 Ba6 43. Bxa6 Nxa6 44. Kf2 Nb4 45. Nb5 Nd3+ 46. Ke2 Nb2
47. Nc3 Kd6 48. Kd2 Nd3 49. Ke2 Nb4 50. Kd2 Nc6 51. Nb5+ Kd7 52. Ke2 Ne7 53.
Nc3 Kc6 54. h5 gxh5 55. Nb5 Nc8 56. Kd2 Nd6 57. Nc3 b5 58. axb5+ Nxb5 59. Na4
Nd6 60. Nc3 Nc8 61. Kc2 Nb6 62. Kb3 Nc4 63. Nd1 Nd2+ 64. Ka4 Nf3 65. h3 Ng1 66.
Nf2 Kb6 67. Ka3 Kb5 68. Kb3 a4+ 69. Ka3 Ka5 70. Ka2 Kb4 71. Kb2 a3+ 72. Kb1 Kb3
73. Ka1 Nf3 74. Nxe4 dxe4 75. d5 a2 0-1

[Event "I C.to Italiano U21"]
[Site "Rimini ITA"]
[Date "1993.09.??"]
[Round "6"]
[White "Bednarich, Jan"]
[Black "Maio, Matteo"]
[WhiteElo "1812"]
[BlackElo "1600"]
[Result "0-1"]
[PlyCount "74"]
[EventDate "1993.09.07"]

1. d4 Nf6 2. c4 g6 3. Nc3 Bg7 4. e4 d6 5. Nf3 O-O 6. Be2 e5 7. Be3 Nc6 8. d5
Ne7 9. Nd2 a5 10. c5 Ne8 11. f3 f5 12. O-O f4 13. Bf2 g5 14. Nc4 Ng6 15. Rc1
Rf7 16. cxd6 Nxd6 17. Qc2 Bf8 18. Nxd6 Bxd6 19. Nb5 h5 20. Nxd6 cxd6 21. Qb3 g4
22. Qb6 Qe7 23. Rc2 g3 24. hxg3 fxg3 25. Bxg3 h4 26. Bf2 Nf4 27. Be3 Rg7 28.
Bxf4 exf4 29. Rfc1 Bd7 30. Rc7 h3 31. Bf1 Kh7 32. Qxb7 Rag8 33. R1c2 Kh6 34.
Qb6 hxg2 35. Rxg2 Rxg2+ 36. Bxg2 Qg5 37. Qxd6+ Kh5 0-1

[Event "I C.to Italiano U21"]
[Site "Rimini ITA"]
[Date "1993.09.??"]
[Round "6"]
[White "Buccoliero, Alessandro"]
[Black "Agostani, Andrea"]
[WhiteElo "1600"]
[BlackElo "2053"]
[Result "0-1"]
[PlyCount "45"]
[EventDate "1993.09.07"]

1. e4 c5 2. Nc3 g6 3. Bc4 Bg7 4. d3 d6 5. f4 Nc6 6. Nce2 a6 7. a4 Nf6 8. Bb3
O-O 9. c3 Rb8 10. Nf3 b5 11. axb5 axb5 12. Bc2 Qb6 13. Bd2 b4 14. Ba4 Bb7 15.
c4 Nd7 16. Qc2 f5 17. O-O e5 18. Ng5 fxe4 19. Ne6 exd3 20. Qxd3 Rf6 21. Nxg7
Kxg7 22. fxe5 Ncxe5 23. Qg3 0-1

[Event "I C.to Italiano U21"]
[Site "Rimini ITA"]
[Date "1993.09.??"]
[Round "6"]
[White "Farachi, Francesco"]
[Black "Barillaro, Luca"]
[WhiteElo "1777"]
[BlackElo "2265"]
[Result "0-1"]
[PlyCount "90"]
[EventDate "1993.09.07"]

1. e4 Nf6 2. e5 Nd5 3. c4 Nb6 4. d4 d6 5. exd6 cxd6 6. Nf3 g6 7. Bd3 Bg7 8. Be3
Nc6 9. Qb3 O-O 10. O-O Bg4 11. Nbd2 Rc8 12. Rac1 e5 13. Bg5 Nxd4 14. Nxd4 Qxg5
15. Ne4 Qd8 16. Nb5 d5 17. Ned6 Rb8 18. c5 a6 19. Na3 e4 20. Bb1 Be5 21. Nxe4
dxe4 22. cxb6 Be6 23. Qb4 f5 24. Nc4 Bf4 25. Rcd1 Qf6 26. Bc2 Rbd8 27. Bb3 Kg7
28. Na5 Rxd1 29. Rxd1 Rf7 30. Bxe6 Qxe6 31. Nc4 Rf6 32. g3 Be5 33. Qc5 Bb8 34.
Rd8 Qc6 35. b4 Qxc5 36. bxc5 Rf8 37. Rxf8 Kxf8 38. Na5 Ke8 39. Nxb7 Kd7 40. c6+
Kxc6 41. Nd8+ Kxb6 42. Kf1 Kb5 43. Ne6 Bd6 44. Nd4+ Kc4 45. Nc2 Bc5 0-1

[Event "I C.to Italiano U21"]
[Site "Rimini ITA"]
[Date "1993.09.??"]
[Round "6"]
[White "Gualtieri, Denis"]
[Black "Stradiotti, Alessandro"]
[WhiteElo "1600"]
[BlackElo "1600"]
[Result "1-0"]
[PlyCount "39"]
[EventDate "1993.09.07"]

1. d4 Nf6 2. c4 g6 3. Nc3 d5 4. Nf3 Bg7 5. h3 O-O 6. Bf4 c5 7. e3 Qa5 8. Qb3
cxd4 9. Nxd4 Ne4 10. cxd5 a6 11. Rd1 Rd8 12. f3 Nxc3 13. bxc3 Qxd5 14. Bc4 Qc5
15. Bxf7+ Kh8 16. O-O Qa5 17. Be6 Bxe6 18. Nxe6 Rxd1 19. Rxd1 Nc6 20. Qxb7 1-0

[Event "I C.to Italiano U21"]
[Site "Rimini ITA"]
[Date "1993.09.??"]
[Round "6"]
[White "Insabato, Giovanbattista"]
[Black "Becca, Filippo"]
[WhiteElo "1714"]
[BlackElo "1768"]
[Result "1-0"]
[PlyCount "93"]
[EventDate "1993.09.07"]

1. d4 Nf6 2. c4 c5 3. d5 b5 4. cxb5 a6 5. e3 g6 6. Nc3 Bg7 7. Nf3 d6 8. Be2 O-O
9. O-O Nbd7 10. a4 Qc7 11. e4 Bb7 12. Nd2 Ne8 13. Ra3 e5 14. bxa6 Bxa6 15. Nb5
Bxb5 16. axb5 Nb6 17. Nc4 Nf6 18. f3 Nxc4 19. Bxc4 Nd7 20. Bd2 f5 21. Qa1 Qb7
22. Ra6 Bf6 23. Qa3 Rfb8 24. Ra1 Rxa6 25. Qxa6 Qxa6 26. bxa6 Nb6 27. Bb5 Nc8
28. Bd7 Na7 29. Ra2 fxe4 30. fxe4 Bd8 31. Bc6 Bb6 32. Bh6 Bd8 33. Bd7 Bf6 34.
Be6+ Kh8 35. Ra3 Bg7 36. Bxg7+ Kxg7 37. Rf3 Rf8 38. Rb3 Ra8 39. h4 g5 40. h5 h6
41. Kh2 c4 42. Rb7+ Kh8 43. Kg3 c3 44. bxc3 g4 45. Kxg4 Nc6 46. dxc6 Rf8 47. c7
1-0

[Event "I C.to Italiano U21"]
[Site "Rimini ITA"]
[Date "1993.09.??"]
[Round "6"]
[White "Marcacci, Giorgio"]
[Black "Cartegni, Emanuele"]
[WhiteElo "1900"]
[BlackElo "1543"]
[Result "1-0"]
[PlyCount "83"]
[EventDate "1993.09.07"]

1. e4 e5 2. Nf3 Nc6 3. Bb5 a6 4. Ba4 Nf6 5. O-O Be7 6. Re1 b5 7. Bb3 d6 8. h3
O-O 9. c3 Bb7 10. d3 Nb8 11. Nbd2 Nbd7 12. Nf1 Re8 13. Ng3 Nc5 14. Bc2 Bf8 15.
Bg5 h6 16. Bd2 g6 17. b4 Ncd7 18. c4 c6 19. Bc3 Kh7 20. Qe2 Qc7 21. Bb3 Rad8
22. cxb5 cxb5 23. Rac1 Nb6 24. Bxe5 Qe7 25. Bd4 Nc8 26. a3 Bg7 27. Qb2 Bh8 28.
e5 Bxf3 29. exf6 Qxe1+ 30. Rxe1 Rxe1+ 31. Kh2 Ba8 32. Be3 d5 33. Qc3 Rxe3 34.
fxe3 Nd6 35. Qe5 Bc6 36. Ne2 Ne8 37. Qe7 Bxf6 38. Qxf7+ Bg7 39. Nf4 Rd6 40. Ne6
Kh8 41. Nxg7 Nxg7 42. Qf8+ 1-0

[Event "I C.to Italiano U21"]
[Site "Rimini ITA"]
[Date "1993.09.??"]
[Round "6"]
[White "Marmili, Giulio"]
[Black "Pichler, Michael"]
[WhiteElo "1657"]
[BlackElo "1633"]
[Result "1-0"]
[PlyCount "63"]
[EventDate "1993.09.07"]

1. c4 Nf6 2. Nc3 c6 3. Nf3 d5 4. e3 Bg4 5. cxd5 Nxd5 6. Be2 e6 7. O-O Be7 8. d4
O-O 9. Bd2 Nd7 10. e4 N5f6 11. a3 Nb6 12. Be3 Bh5 13. h3 Nfd7 14. Nd2 Bxe2 15.
Qxe2 f5 16. f3 fxe4 17. fxe4 Rxf1+ 18. Rxf1 e5 19. Nc4 exd4 20. Bxd4 Nf6 21.
Be3 Qc7 22. Bf4 Bc5+ 23. Kh1 Qe7 24. Nxb6 Bxb6 25. e5 Nd7 26. Qc4+ Kh8 27. Qb4
Qxb4 28. axb4 Re8 29. Rd1 Nxe5 30. Re1 Bd4 31. Re4 g5 32. Bg3 1-0

[Event "I C.to Italiano U21"]
[Site "Rimini ITA"]
[Date "1993.09.??"]
[Round "6"]
[White "Nieus, Thierry"]
[Black "Giordani, Marco"]
[WhiteElo "1905"]
[BlackElo "1947"]
[Result "1/2-1/2"]
[PlyCount "43"]
[EventDate "1993.09.07"]

1. e4 c5 2. c3 d5 3. exd5 Qxd5 4. d4 Nc6 5. Nf3 Bg4 6. Be2 O-O-O 7. c4 Qh5 8.
d5 e6 9. Nc3 Nf6 10. O-O exd5 11. h3 Bxh3 12. gxh3 Qxh3 13. Bf4 Qg4+ 14. Bg3
Bd6 15. Ne5 Qh3 16. Nxf7 Bxg3 17. fxg3 Qxg3+ 18. Kh1 Qh3+ 19. Kg1 Qg3+ 20. Kh1
Qh3+ 21. Kg1 Qg3+ 22. Kh1 1/2-1/2

[Event "I C.to Italiano U21"]
[Site "Rimini ITA"]
[Date "1993.09.??"]
[Round "6"]
[White "Previati, Marco"]
[Black "Aldrovandi, Antonio"]
[WhiteElo "2031"]
[BlackElo "2040"]
[Result "1/2-1/2"]
[PlyCount "49"]
[EventDate "1993.09.07"]

1. e4 c5 2. c3 d5 3. exd5 Qxd5 4. d4 Nf6 5. Nf3 e6 6. Na3 cxd4 7. Nb5 Na6 8.
Nbxd4 Be7 9. Bxa6 bxa6 10. O-O O-O 11. Qe2 Bb7 12. Rd1 Rad8 13. Bf4 Ne4 14. Ne1
Bf6 15. Be3 Qe5 16. Nd3 Qc7 17. Nb3 Nd6 18. Ndc5 Nf5 19. Nxb7 Qxb7 20. Bf4
Rxd1+ 21. Rxd1 Rc8 22. Be5 Nh4 23. f4 Ng6 24. Kf1 h6 25. Rd4 1/2-1/2

[Event "I C.to Italiano U21"]
[Site "Rimini ITA"]
[Date "1993.09.??"]
[Round "6"]
[White "Redo, Nicola"]
[Black "Isonzo, David"]
[WhiteElo "2210"]
[BlackElo "1911"]
[Result "1-0"]
[PlyCount "160"]
[EventDate "1993.09.07"]

1. Nf3 Nf6 2. c4 g6 3. b3 Bg7 4. Bb2 O-O 5. g3 d6 6. d4 Nbd7 7. Bg2 e5 8. O-O
Re8 9. dxe5 Ng4 10. Nc3 Ngxe5 11. Qd2 a5 12. Nxe5 Bxe5 13. Rad1 Bg7 14. Rfe1
Ne5 15. c5 a4 16. cxd6 axb3 17. axb3 Qxd6 18. Qxd6 cxd6 19. Rxd6 Be6 20. Rb6
Nd7 21. Rb5 Rac8 22. Na4 Bxb2 23. Nxb2 b6 24. Na4 Kg7 25. Bd5 Rc2 26. e3 Ne5
27. Be4 Bf5 28. Rxe5 Rxe5 29. Bxc2 Bxc2 30. Nxb6 Bxb3 31. Rb1 Be6 32. Kg2 Ra5
33. Rb2 Ra6 34. Kf3 Kf6 35. Kg2 Ke5 36. Rb4 Kd6 37. Na4 Rc6 38. e4 Rc4 39. Rxc4
Bxc4 40. Kf3 Ke5 41. Ke3 Ba6 42. Nc5 Bc8 43. Nd3+ Kd6 44. Kd4 Bh3 45. f4 Bc8
46. Nc5 Bh3 47. Nd3 Bc8 48. Nf2 h5 49. Nd1 Bd7 50. Ne3 Ke6 51. Kc5 Ba4 52. Nd5
Bc2 53. Kd4 Bb3 54. Ne3 Ba4 55. Kc5 Be8 56. Kb6 Ba4 57. Kc5 Be8 58. e5 Ba4 59.
Kd4 Be8 60. Nd5 Bc6 61. Nf6 Bh1 62. h3 Bg2 63. h4 Bh1 64. Kc5 Bg2 65. Kb6 Bh1
66. Kc7 Ke7 67. Nd7 Be4 68. Nc5 Bb1 69. Nb3 Bc2 70. Nd4 Bb1 71. Nc6+ Kf8 72.
Kd8 Bc2 73. Nb8 Bb1 74. Nd7+ Kg7 75. Ke7 Bc2 76. Nc5 Bb1 77. Nb7 Bf5 78. Nd6
Be6 79. Ne8+ Kg8 80. Kf6 Bb3 1-0

[Event "I C.to Italiano U21"]
[Site "Rimini ITA"]
[Date "1993.09.??"]
[Round "6"]
[White "Sardo, Andrea"]
[Black "Avenali, Giuseppe"]
[WhiteElo "1758"]
[BlackElo "1723"]
[Result "0-1"]
[PlyCount "46"]
[EventDate "1993.09.07"]

1. d4 d5 2. c4 e6 3. g3 Nf6 4. Bg2 Be7 5. Nf3 O-O 6. Qc2 Nbd7 7. Bf4 c5 8. O-O
cxd4 9. Nxd4 e5 10. cxd5 exf4 11. gxf4 Bd6 12. e3 Nb6 13. Nc3 Bd7 14. Qe2 Re8
15. Qf3 Nc4 16. Nb3 Bf5 17. Rfe1 Ne4 18. Qe2 Rc8 19. Rac1 Nxc3 20. Rxc3 Bb4 21.
Rxc4 Rxc4 22. Qxc4 Bxe1 23. Kf1 Ba5 0-1

[Event "I C.to Italiano U21"]
[Site "Rimini ITA"]
[Date "1993.09.??"]
[Round "6"]
[White "Vincenzi, Marco"]
[Black "Mascellani, Marco"]
[WhiteElo "1615"]
[BlackElo "1947"]
[Result "1/2-1/2"]
[PlyCount "84"]
[EventDate "1993.09.07"]

1. e4 c5 2. Nf3 e6 3. d4 cxd4 4. Nxd4 Nf6 5. Nc3 Bb4 6. Bd3 Nc6 7. Nxc6 bxc6 8.
e5 Nd5 9. Bd2 d6 10. Qg4 dxe5 11. Qxg7 Qf6 12. Qxf6 Nxf6 13. O-O-O Nd5 14. Rhe1
Nxc3 15. Bxc3 Bxc3 16. bxc3 f6 17. Be4 Bb7 18. Rd6 Ke7 19. Red1 Rad8 20. Rxd8
Rxd8 21. Rxd8 Kxd8 22. Bxh7 c5 23. g3 f5 24. h4 Bf3 25. Bg6 Ke7 26. Kd2 Kf6 27.
Be8 Ke7 28. Bb5 Kf6 29. Ba6 f4 30. Be2 Be4 31. g4 Bd5 32. c4 Bc6 33. g5+ Kf5
34. f3 e4 35. fxe4+ Bxe4 36. Bd3 Bxd3 37. cxd3 e5 38. Ke2 Kg6 39. Kf2 Kh5 40.
Kf3 Kg6 41. Kg4 Kg7 42. h5 Kh7 1/2-1/2

[Event "I C.to Italiano U21"]
[Site "Rimini ITA"]
[Date "1993.09.??"]
[Round "7"]
[White "Agostani, Andrea"]
[Black "Marcacci, Giorgio"]
[WhiteElo "2053"]
[BlackElo "1900"]
[Result "0-1"]
[PlyCount "64"]
[EventDate "1993.09.07"]

1. d4 Nf6 2. c4 g6 3. Nc3 Bg7 4. e4 d6 5. Nf3 O-O 6. Be2 e5 7. O-O Nc6 8. d5
Ne7 9. Nd2 Ne8 10. b4 f5 11. f3 f4 12. c5 Kh8 13. Nc4 g5 14. g4 h5 15. h3 Rf6
16. Kf2 Rh6 17. Rh1 Ng6 18. Ba3 Bf8 19. Rc1 Qe7 20. Na5 Qh7 21. Bb5 Nf6 22. Qg1
dxc5 23. bxc5 hxg4 24. hxg4 Nh4 25. Nc4 a6 26. Ba4 Bxg4 27. fxg4 Nxe4+ 28. Nxe4
Qxe4 29. Bd1 b5 30. cxb6 Bxa3 31. Nxa3 Qe3+ 32. Kf1 Qxc1 0-1

[Event "I C.to Italiano U21"]
[Site "Rimini ITA"]
[Date "1993.09.??"]
[Round "7"]
[White "Aldrovandi, Antonio"]
[Black "Bartolini, Tommaso"]
[WhiteElo "2040"]
[BlackElo "2095"]
[Result "1/2-1/2"]
[PlyCount "83"]
[EventDate "1993.09.07"]

1. e4 c5 2. Nf3 d6 3. d4 cxd4 4. Nxd4 Nf6 5. Nc3 a6 6. Bg5 e6 7. f4 Nc6 8. Nxc6
bxc6 9. e5 h6 10. Bh4 g5 11. fxg5 Nd5 12. Nxd5 cxd5 13. Bg3 hxg5 14. Qd2 Bg7
15. exd6 Bxb2 16. Rb1 Qf6 17. Kd1 Bc3 18. Qf2 Qxf2 19. Bxf2 Be5 20. g3 Bxd6 21.
c4 dxc4 22. Bxc4 Rb8 23. Rxb8 Bxb8 24. h4 Bd6 25. Kc2 gxh4 26. gxh4 Rg8 27. Rg1
Rxg1 28. Bxg1 Bf4 29. Bf2 Ke7 30. Kd3 Bb7 31. Kd4 Kd6 32. h5 f5 33. Be3 e5+ 34.
Kd3 e4+ 35. Ke2 Be5 36. Bg5 Kc5 37. Be6 f4 38. h6 Bd5 39. Bxd5 Kxd5 40. h7 f3+
41. Ke1 Kd4 42. Be3+ 1/2-1/2

[Event "I C.to Italiano U21"]
[Site "Rimini ITA"]
[Date "1993.09.??"]
[Round "7"]
[White "Becca, Filippo"]
[Black "Sardo, Andrea"]
[WhiteElo "1768"]
[BlackElo "1758"]
[Result "1-0"]
[PlyCount "47"]
[EventDate "1993.09.07"]

1. f4 d5 2. Nf3 Nf6 3. e3 Bg4 4. h3 Bxf3 5. Qxf3 Nbd7 6. d4 e6 7. Bd3 c5 8. c3
cxd4 9. exd4 Be7 10. O-O g6 11. Nd2 Qc7 12. Qf2 Bd6 13. g3 O-O-O 14. Nf3 Rhf8
15. Be3 Kb8 16. Rfc1 Rc8 17. Ne5 Nh5 18. c4 f6 19. cxd5 Qd8 20. Nc4 Bc7 21.
dxe6 Nb6 22. Nxb6 Bxb6 23. Rxc8+ Kxc8 24. Bb5 1-0

[Event "I C.to Italiano U21"]
[Site "Rimini ITA"]
[Date "1993.09.??"]
[Round "7"]
[White "Cartegni, Emanuele"]
[Black "Vincenzi, Marco"]
[WhiteElo "1543"]
[BlackElo "1615"]
[Result "0-1"]
[PlyCount "46"]
[EventDate "1993.09.07"]

1. e4 c5 2. Nf3 d6 3. d4 cxd4 4. Nxd4 Nf6 5. Nc3 g6 6. f3 Bg7 7. Be3 O-O 8. Bc4
Nc6 9. Nxc6 bxc6 10. Qd2 Bb7 11. Rd1 Qc7 12. Qf2 d5 13. exd5 cxd5 14. Bxd5 Nxd5
15. Nxd5 Qa5+ 16. Qd2 Qxd2+ 17. Rxd2 Bxd5 18. Rxd5 Bxb2 19. O-O Rfc8 20. Rd7
Bf6 21. Rb1 Rxc2 22. Rbb7 Rxa2 23. Bxa7 R8xa7 0-1

[Event "I C.to Italiano U21"]
[Site "Rimini ITA"]
[Date "1993.09.??"]
[Round "7"]
[White "De Palma, Fabrizio"]
[Black "Buccoliero, Alessandro"]
[WhiteElo "1818"]
[BlackElo "1600"]
[Result "1/2-1/2"]
[PlyCount "82"]
[EventDate "1993.09.07"]

1. e4 e6 2. d4 d5 3. Nc3 dxe4 4. Nxe4 Nf6 5. Bg5 Be7 6. Bxf6 Bxf6 7. Nf3 Bd7 8.
Bd3 Bc6 9. c3 Nd7 10. O-O O-O 11. Re1 Bxe4 12. Bxe4 c6 13. Qb3 Qb6 14. Qc2 g6
15. Rad1 Bg7 16. Qe2 Rad8 17. Bb1 Rfe8 18. Ne5 Nxe5 19. dxe5 Rxd1 20. Rxd1 Rd8
21. Rxd8+ Qxd8 22. f4 Bf8 23. g3 Bc5+ 24. Kg2 Qd5+ 25. Kh3 Kf8 26. Qd3 Ke7 27.
Qxd5 cxd5 28. Kg4 f5+ 29. Kf3 h5 30. h3 a5 31. a3 Kd7 32. Bd3 Ke7 33. b4 Bb6
34. g4 hxg4+ 35. hxg4 Bd8 36. Bb5 Bc7 37. c4 dxc4 38. Bxc4 axb4 39. axb4 Bb6
40. Kg3 Be3 41. Be2 b6 1/2-1/2

[Event "I C.to Italiano U21"]
[Site "Rimini ITA"]
[Date "1993.09.??"]
[Round "7"]
[White "Farachi, Francesco"]
[Black "Bednarich, Jan"]
[WhiteElo "1777"]
[BlackElo "1812"]
[Result "0-1"]
[PlyCount "25"]
[EventDate "1993.09.07"]

1. e4 c5 2. Nf3 e6 3. d4 cxd4 4. Nxd4 Nc6 5. Nxc6 bxc6 6. Bd3 d5 7. exd5 cxd5
8. Be3 Nf6 9. Nc3 Bd6 10. O-O O-O 11. Nb5 Bb8 12. Bc5 Re8 13. Nc3 0-1

[Event "I C.to Italiano U21"]
[Site "Rimini ITA"]
[Date "1993.09.??"]
[Round "7"]
[White "Giordani, Marco"]
[Black "Schacher, Gerd"]
[WhiteElo "1947"]
[BlackElo "1959"]
[Result "0-1"]
[PlyCount "76"]
[EventDate "1993.09.07"]

1. e4 c5 2. Nf3 d6 3. d4 cxd4 4. Nxd4 Nf6 5. Nc3 a6 6. Be2 e5 7. Nb3 Be7 8. O-O
O-O 9. a4 Nc6 10. Be3 Nb4 11. a5 Bd7 12. Nd5 Nbxd5 13. exd5 Qc8 14. c4 Ne8 15.
Qc2 f5 16. Rfc1 f4 17. Bb6 Bf5 18. Bd3 Bxd3 19. Qxd3 f3 20. c5 Qg4 21. g3 e4
22. Rc4 Nf6 23. Qd1 dxc5 24. Bxc5 Bxc5 25. Nxc5 Rad8 26. Rd4 Nxd5 27. Rxe4 Nf4
28. Qb3+ Kh8 29. h3 Nxh3+ 30. Kh2 Qf5 31. Nxb7 Nxf2 32. Rh4 Ng4+ 33. Rxg4 Rd2+
34. Kh3 Rf6 35. Qb6 Rxb6 36. axb6 h5 37. Raa4 hxg4+ 38. Rxg4 Rd4 0-1

[Event "I C.to Italiano U21"]
[Site "Rimini ITA"]
[Date "1993.09.??"]
[Round "7"]
[White "Isonzo, David"]
[Black "Nieus, Thierry"]
[WhiteElo "1911"]
[BlackElo "1905"]
[Result "1-0"]
[PlyCount "51"]
[EventDate "1993.09.07"]

1. e4 d6 2. d4 Nf6 3. Nc3 g6 4. Bc4 Bg7 5. Qe2 Nc6 6. Nf3 Bg4 7. Be3 e5 8. dxe5
Nxe5 9. Bb3 O-O 10. O-O-O Qe7 11. h3 Bxf3 12. gxf3 Rfe8 13. Bg5 c6 14. h4 h5
15. f4 Neg4 16. f3 Nh6 17. Rhg1 Kh7 18. Qc4 Rec8 19. Qb4 Bf8 20. Qd4 Bg7 21. e5
c5 22. Qd3 dxe5 23. Nd5 Qd8 24. fxe5 c4 25. Bxc4 b6 26. Bb3 1-0

[Event "I C.to Italiano U21"]
[Site "Rimini ITA"]
[Date "1993.09.??"]
[Round "7"]
[White "Maio, Matteo"]
[Black "Barillaro, Luca"]
[WhiteElo "1600"]
[BlackElo "2265"]
[Result "0-1"]
[PlyCount "76"]
[EventDate "1993.09.07"]

1. Nf3 Nf6 2. d4 d5 3. e3 g6 4. Nbd2 Bg7 5. Bd3 O-O 6. O-O Nbd7 7. b3 b6 8. Ne5
Nxe5 9. dxe5 Ng4 10. Bb2 Nxe5 11. Qc1 Bb7 12. Be2 c5 13. f4 Nc6 14. Nf3 Qc7 15.
Bxg7 Kxg7 16. Qb2+ Kg8 17. Rad1 Rad8 18. c4 e6 19. g4 d4 20. exd4 Qxf4 21. d5
exd5 22. cxd5 Nb4 23. d6 Rxd6 24. Rxd6 Qxd6 25. Ne5 Nc6 26. Nxc6 Bxc6 27. Rf6
Qd7 28. h4 Re8 29. h5 Re6 30. Rf4 Re4 31. h6 Qd4+ 32. Qxd4 cxd4 33. Rxe4 Bxe4
34. Bc4 Kf8 35. g5 Ke7 36. Kf2 f6 37. Bg8 fxg5 38. Bxh7 Kf7 0-1

[Event "I C.to Italiano U21"]
[Site "Rimini ITA"]
[Date "1993.09.??"]
[Round "7"]
[White "Mascellani, Marco"]
[Black "Marmili, Giulio"]
[WhiteElo "1947"]
[BlackElo "1657"]
[Result "1/2-1/2"]
[PlyCount "75"]
[EventDate "1993.09.07"]

1. e4 c5 2. Nf3 e6 3. d4 cxd4 4. Nxd4 Nf6 5. Nc3 d6 6. Be2 Nc6 7. Be3 Be7 8. f4
O-O 9. Bf3 a6 10. Qd2 Bd7 11. O-O-O Rc8 12. Kb1 b5 13. g4 Qc7 14. g5 Nxd4 15.
Bxd4 Ne8 16. h4 a5 17. h5 b4 18. Ne2 g6 19. Ng3 e5 20. hxg6 fxg6 21. Be3 Bxg5
22. Qd5+ Kg7 23. fxg5 Rxf3 24. Rd2 Qc6 25. Qb3 Qc4 26. Qxc4 Rxc4 27. Bf2 Be6
28. Rhd1 Bg4 29. Re1 a4 30. Nf1 Be6 31. b3 Rc6 32. Re3 Rxe3 33. Nxe3 axb3 34.
axb3 Nc7 35. Be1 Nb5 36. Nd5 Na3+ 37. Kb2 Bxd5 38. exd5 1/2-1/2

[Event "I C.to Italiano U21"]
[Site "Rimini ITA"]
[Date "1993.09.??"]
[Round "7"]
[White "Redo, Nicola"]
[Black "Previati, Marco"]
[Result "1-0"]
[WhiteElo "2210"]
[BlackElo "2031"]
[PlyCount "81"]
[EventDate "1993.09.07"]

1. Nf3 f5 2. g3 e6 3. Bg2 Nf6 4. O-O d5 5. d3 Bd6 6. Nbd2 O-O 7. Qe1 e5 8. e4
fxe4 9. dxe4 d4 10. Nc4 Nc6 11. Nxd6 Qxd6 12. c3 Bg4 13. cxd4 Bxf3 14. Bxf3
Nxd4 15. Bd1 Qc6 16. f3 Nc2 17. Bxc2 Qxc2 18. Rf2 Qa4 19. b3 Qb5 20. Be3 Rfd8
21. Rc1 Qd7 22. Qa5 Qd3 23. Bg5 h6 24. Bxf6 gxf6 25. Rxc7 Qe3 26. Qb4 Rd1+ 27.
Kg2 Rad8 28. Qc4+ Kh8 29. Rc8 R1d2 30. Rxd8+ Rxd8 31. Qf7 Rd2 32. Qxf6+ Kh7 33.
Qf5+ Kg8 34. Qc8+ Kg7 35. Qxb7+ Kg6 36. Qc6+ Kh7 37. Rxd2 Qxd2+ 38. Kh3 Qxa2
39. Qd7+ Kg6 40. Qe6+ Kh7 41. Qf7+ 1-0